Hardest Geography Quiz #2 - Statistics

General Stats
  • This quiz has been taken 163 times
  • The average score is 5 of 11
Answer Stats
Hint Answer % Correct
Name the capital start with S of Bolivia Sucre
83%
Capital of Tibet Lhasa
63%
Only country that Bhutan recognize and it's in Caribbean Cuba
61%
C in ABC islands Curaçao
57%
People in China call Netherlands like this region Holland
51%
Formerly called as Stalingrad Volgograd
51%
Addis Ababa contains this major city's name in Nigeria Aba
48%
Country owns the most populated Valencia Venezuela
44%
City in the closest U.S. island to Russia Diomede
23%
This country's capital ends with first 2 letters of JetPunk North Macedonia
21%
4th most populated city in Spain that starts with B Burgos
15%
No matching quizzes found
Score Distribution
Percent of People with Each Score
Percentile by Number Answered
Your Score History
You have not taken this quiz